Library Banner

سندھ کی آواز (Record no. 70398)

MARC details
000 -LEADER
fixed length control field 00389nam a22001457a 4500
005 - DATE AND TIME OF LATEST TRANSACTION
control field 20150425115308.0
008 - FIXED-LENGTH DATA ELEMENTS--GENERAL INFORMATION
fixed length control field 150425b xxu||||| |||| 00| 0 eng d
040 ## - CATALOGING SOURCE
Transcribing agency PK-LaUMT
082 ## - DEWEY DECIMAL CLASSIFICATION NUMBER
Classification number KHC 954.918
Item number SAY-S
100 ## - MAIN ENTRY--PERSONAL NAME
Personal name سید ، جی ایم
245 ## - TITLE STATEMENT
Title سندھ کی آواز
Statement of responsibility, etc جی ایم سید
260 ## - PUBLICATION, DISTRIBUTION, ETC. (IMPRINT)
Place of publication, distribution, etc لاہور
Name of publisher, distributor, etc فکشن ہاوس
Date of publication, distribution, etc 2003
300 ## - PHYSICAL DESCRIPTION
Extent 344 ص
942 ## - ADDED ENTRY ELEMENTS (KOHA)
Koha item type Books
Holdings
Withdrawn status Lost status Damaged status Home library Current library Date acquired Full call number Barcode Date last seen Price effective from Koha item type
      UMT Main Campus UMT Main Campus 2015-04-25 KHC 954.918 SAY-S 73997 2015-04-25 2015-04-25 Books